L'evolution théâtrale / (Record no. 171847)

MARC details
000 -LEADER
campo de control de longitud fija 00489nam a22001575i 4500
001 - NÚMERO DE CONTROL
campo de control 171847
003 - IDENTIFICADOR DE NÚMERO DE CONTROL
campo de control ES-MaACL
005 - FECHA Y HORA DE LA ÚLTIMA TRANSACCIÓN
campo de control 20230906214739.0
008 - DATOS DE LONGITUD FIJA--INFORMACIÓN GENERAL
campo de control de longitud fija 090603s1922 be |||| | fre d
100 1# - ENTRADA PRINCIPAL--NOMBRE DE PERSONA
Nombre de persona Solvay, Lucien.
9 (RLIN) 107255
245 12 - MENCIÓN DEL TÍTULO
Título L'evolution théâtrale /
Mención de responsabilidad, etc. Lucien Solvay.
260 ## - PUBLICACIÓN, DISTRIBUCIÓN, ETC.
Lugar de publicación, distribución, etc. Bruxelles :
Nombre del editor, distribuidor, etc. G. Van Oest et cie.,
Fecha de publicación, distribución, etc. 1922 (
Fabricante Marcel Hayer)
300 ## - DESCRIPCIÓN FÍSICA
Extensión 2 v. ;
Dimensiones 25 cm.
505 8# - NOTA DE CONTENIDO CON FORMATO
Nota de contenido con formato Contiene: t. 1. Drame et comedie.--t. 2. La musique
852 ## - LOCALIZACIÓN
Ubicación ES-MaACL
Número de control de estantería C-1524-25
Holdings
Estatus retirado Estado de pérdida Estado de daño No para préstamo Biblioteca de origen Biblioteca actual Ubicación en estantería Fecha de adquisición Fuente de adquisición Total de préstamos Signatura topográfica completa Código de barras Visto por última vez Precio de reemplazo Tipo de ítem Koha
        Biblioteca del Ateneo de Madrid Biblioteca del Ateneo de Madrid Sala Palomar 03/06/2009     C-1524-25 1180349 23/02/2023 23/02/2023 Libro impreso